| 000 | 01422cam a2200349 a 4500 | ||
|---|---|---|---|
| 999 |
_c7829 _d7829 |
||
| 001 | 991016094189706706 | ||
| 003 | OSt | ||
| 005 | 20231220141229.0 | ||
| 008 | 150414s2015 spc|||| |||| 0|0 0ccat|c | ||
| 015 |
_aLL2015 _2bnc |
||
| 017 |
_aDL B 6948-2015 _bBiblioteca de Catalunya |
||
| 020 | _a9788416166534 | ||
| 035 | _a(ES-BaCBU).b63218719 | ||
| 035 | _a(OCoLC)914505015 | ||
| 040 |
_aES-BaCBU _bcat _cCDMR |
||
| 043 |
_ae-sp--- _be-spcg- _2catmarc |
||
| 080 |
_a929 _x(460.233) _22004 |
||
| 100 | 1 | _aBastons i Vivanco, Carles, | |
| 245 | 1 | 0 |
_aGent que ha fet història : _b115 personatges de les terres gironines / _cCarles Bastons i Vivanco, Montserrat Bastons i Garcia |
| 260 |
_aBarcelona : _bBase, _c2015 |
||
| 300 |
_a564 p. ; _c24 cm |
||
| 490 | 1 |
_aCol·lecció Base històrica ; _v127 |
|
| 504 | _aBibliografia p. 557-561 | ||
| 505 | _aInclou les biografies de 10 personalitats gironines relacionades amb el periodisme: Aurora Bertrana, Jaume Bofill i Mates, Francesca Boris, Agustí Calvet "Gaziel", Llucieta Canyà, Juli Coll, Josep Coll i Vehí, Ramon Guardiola, Josep Pla, Carles Rahola. | ||
| 650 | 0 |
_aPeriodistes catalans _93139 _vBiografia |
|
| 700 | 1 | _aBastons i Garcia, Montserrat. | |
| 830 | 0 |
_aBase històrica ; _v127 |
|
| 907 |
_a.b63218719 _b18-06-21 _c14-04-15 _d24-07-15 _em _fa _g- _hcat _ispc _j0 _k2 |
||
| 908 |
_aBC _aUB _aICD _aBPC _aANC _aUIC _aCHCC _aUdG |
||
| 940 | _aBC | ||
| 942 |
_2udc _cMON |
||